Overlapping Option Trivia III Quiz Stats

Quiz Updated Mar 14, 2015

Challenge
Share
Tweet
Embed
Score 0/20 Timer 03:00
0 Plays Today
% Correct
Anne
96.7%
Ace
95.8%
Elf
90.7%
Jack
89.8%
Genesis
88.8%
Up
88.2%
Aras
83.1%
Chicago
81.5%
Phoebe
81.4%
Ares
79.9%
% Correct
Down
79.8%
Serena
79%
Cars
76.6%
Exodus
76.1%
St. Louis
75.1%
Joey
68.2%
Mars
68%
Einstein
60.9%
Venus
54.9%
Hershey
54%

You're not logged in!

Compare scores with friends on all Sporcle quizzes.
Sign Up with Email
OR
Log In

You Might Also Like...

Show Comments

Extras

Top Quizzes Today


Score Distribution

Your Account Isn't Verified!

In order to create a playlist on Sporcle, you need to verify the email address you used during registration. Go to your Sporcle Settings to finish the process.